Statistiques concernant Culture Générale - Série 572

Cliquez ici pour prendre le quiz!

Statistiques générales

  • Ce quiz a été pris 68 fois
  • Le résultat moyen est 6 sur 10

Statistiques - réponses

QuestionRéponse% Correct
Dans quel sport le Français Cédric Pioline s'est-il illustré ?tennis
92%
Quelle planète est située entre Mercure et la Terre ?Vénus
86%
Quelle unité de mesure du pétrole équivaut à 158,98 litres ?baril
86%
Quelle mer l'homme-oiseau Yves Rossy a-t-il traversée, en volant, en septembre 2008 ?Manche
78%
Quel club de football Arsène Wenger entraine-t-il ?Arsenal
68%
Qu'est-ce qui est "chic" selon les paroles d'une chanson du groupe Chic en 1979 ?le freak
67%
Quelle mayonnaise additionnée de moutarde accompagne traditionnellement le céleri-rave râpé ?rémoulade
59%
Qu'est-ce qui accouche d'une souris selon l'expression populaire ?la montagne
48%
Quelle profession est récompensée par le prix Albert-Londres ?journaliste
37%
Quel chroniqueur gastronomique faisait son marché dans une rubrique de l'émission "La Grande Famille" ?Jean-Pierre Coffe
27%

Distribution des résultats

Percentile par nombre de réponses

% des personnes avec chaque résultat

Votre développement - résultats

Vous n’avez pas pris ce quiz